| 000 | 00581nam a2200217Ia 4500 | ||
|---|---|---|---|
| 003 | GCL | ||
| 008 | 140319s9999 xx 000 0 eng d | ||
| 040 |
_aGCL / _cGCL |
||
| 082 | 0 | 4 |
_a910.944 _bC C |
| 100 | 1 | _aDESCHAMPS, JUDITH | |
| 245 | 1 | 0 |
_aCHAUVET CAVE: THE DISCOVERY OF THE WORLD'S OLDEST PAINTINGS / _cDESCHAMPS, JUDITH |
| 700 | 1 | _aCHAUVET, JEAN - MARIE | |
| 700 | 1 | _aHILLAIRE, CHRISTIAN | |
| 260 |
_a[S.N] : _bTHAMES AND HUDSON ، _c1996 |
||
| 300 | _a135 P | ||
| 650 | 0 | 4 | _aHISTORY |
| 650 | 0 | 4 | _aDISCOVERY |
| 650 | 0 | 4 | _aFRANCE |
| 650 | 0 | 4 | _aCAVE |
| 942 |
_2ddc _cBK |
||
| 999 |
_c15436 _d15436 |
||